000 00566nam a2200169 4500
008 220302b |||||||| |||| 00| 0 eng d
050 _aPS 3553
_b.C75 1972
100 _aRobert Crichton
245 _aThe Camerons :
_ba novel/
_cCrichton Robert
250 _a1st ed.
260 _aNew York :
_bKnopf,
_c1972.
300 _a509 pages ;
_c22 cm
650 _aMarried people -- Scotland -- Fiction. .
650 _aScotland -- Fiction
650 _aCoal mines and mining -- Scotland -- Fiction.
942 _2lcc
_cBOOK
_hPS 3553 .C75 1972
999 _c31321
_d31321